[Event "Hessenliga 1718"]
[Site "Hessen"]
[Date "2017.09.17"]
[Round "1.7"]
[White "Syperek, Sebastian"]
[Black "Hoepfner, Tim"]
[Result "0-1"]
[WhiteElo "2213"]
[BlackElo "1948"]
[PlyCount "66"]
[EventDate "2017.09.17"]
[EventType "team-tourn"]
[EventRounds "9"]
[EventCountry "GER"]
[SourceTitle "CBM 189 Extra"]
[Source "ChessBase"]
[SourceDate "2019.06.03"]
[SourceVersion "1"]
[SourceVersionDate "2019.06.03"]
[SourceQuality "1"]
[WhiteTeam "Bad Nauheim"]
[BlackTeam "Kassel II"]
[WhiteTeamCountry "GER"]
[BlackTeamCountry "GER"]

1. d4 Nf6 2. Nf3 g6 3. c4 Bg7 4. Nc3 0-0 5. e4 d6 6. Be2 Nc6 7. d5 Ne5 8. Nxe5 dxe5 9. 0-0 e6 10. Bg5 h6 11. Be3 exd5 12. cxd5 Ne8 13. Qd2 Kh7 14. Rac1 f5 15. f4 fxe4 16. fxe5 Rf5 17. Nxe4 Rxe5 18. Nc3 Nd6 19. Bf4 Re7 20. Bd3 Bd7 21. Bxd6 cxd6 22. Bxg6+ Kh8 23. Rce1 Rxe1 24. Rxe1 Qb6+ 25. Kh1 Rf8 26. Ne4 Qxb2 27. Qxb2 Bxb2 28. Nxd6 Rf6 29. Nc4 Bc3 30. Rc1 b5 31. Ne3 Bd2 32. Rc7 Bxe3 33. Bd3 Rd6 0-1

[Event "GER-ch U25 op-A"]
[Site "Oberhof"]
[Date "2013.05.19"]
[Round "1"]
[White "Thumm, Felix"]
[Black "Hoepfner, Tim"]
[Result "0-1"]
[WhiteElo "1733"]
[BlackElo "1955"]
[PlyCount "64"]
[EventDate "2013.05.19"]
[EventType "swiss"]
[EventRounds "9"]
[EventCountry "GER"]
[SourceTitle "CBM 154 Extra"]
[Source "ChessBase"]
[SourceDate "2013.06.25"]
[SourceVersion "2"]
[SourceVersionDate "2013.06.25"]
[SourceQuality "1"]

1. d4 Nf6 2. Nf3 g6 3. e3 Bg7 4. Bd3 d6 5. Nbd2 0-0 6. 0-0 Nbd7 7. b3 e5 8. c4 Re8 9. Qc2 Qe7 10. dxe5 dxe5 11. e4 Nc5 12. Bb2 Nh5 13. Rfe1 Nf4 14. Be2 a5 15. Nf1 f5 16. Ng3 fxe4 17. Nxe4 Bf5 18. Nfd2 Nce6 19. Bf3 Rad8 20. Rad1 Nd3 21. Re3 Nb4 22. Qb1 Nd4 23. Rc3 Bh6 24. Nf1 Rd7 25. Nfg3 Red8 26. Nxf5 gxf5 27. Ng3 Nxf3+ 28. Rxf3 Rxd1+ 29. Qxd1 Rxd1+ 30. Nf1 e4 31. Rxf5 e3 32. Re5 e2 0-1

[Event "Hessen-chA"]
[Site "Korbach"]
[Date "2013.03.28"]
[Round "3"]
[White "Hoepfner, Tim"]
[Black "Braun, Ingram H"]
[Result "1/2-1/2"]
[WhiteElo "1933"]
[BlackElo "1972"]
[PlyCount "87"]
[EventDate "2013.03.27"]
[EventType "swiss"]
[EventRounds "7"]
[EventCountry "GER"]
[SourceTitle "EXT 2014"]
[Source "ChessBase"]
[SourceDate "2013.11.20"]
[SourceVersion "1"]
[SourceVersionDate "2013.11.20"]
[SourceQuality "1"]

1. d4 d5 2. c4 e6 3. Nf3 c6 4. Qc2 Nf6 5. g3 Nbd7 6. Bg2 Bd6 7. Nbd2 0-0 8. 0-0 Re8 9. e4 dxe4 10. Nxe4 Nxe4 11. Qxe4 e5 12. dxe5 Nxe5 13. Rd1 Nxf3+ 14. Qxf3 Qc7 15. Be3 Be6 16. b3 Be5 17. Rac1 Qc8 18. h3 Bxh3 19. Bxh3 Qxh3 20. Rd2 Rad8 21. Rxd8 Rxd8 22. Bxa7 h6 23. Bb6 Ra8 24. a4 Bf6 25. a5 Qe6 26. Rd1 Re8 27. Qd3 h5 28. Qd7 Qe2 29. Qd3 Qe6 30. b4 h4 31. b5 cxb5 32. cxb5 Qg4 33. a6 bxa6 34. bxa6 Bg5 35. Ra1 Bf4 36. a7 hxg3 37. fxg3 Bxg3 38. a8Q Rxa8 39. Rxa8+ Bb8+ 40. Kf1 Qf4+ 41. Ke1 Qb4+ 42. Ke2 Qxb6 43. Qd5 g6 44. Ra2 1/2-1/2

[Event "GER-ch U25 op-A"]
[Site "Oberhof"]
[Date "2012.06.02"]
[Round "9"]
[White "Adelhuette, Dennis"]
[Black "Hoepfner, Tim"]
[Result "0-1"]
[WhiteElo "1940"]
[BlackElo "1864"]
[PlyCount "74"]
[EventDate "2012.05.27"]
[EventType "swiss"]
[EventRounds "9"]
[EventCountry "GER"]
[SourceTitle "CBM 148 Extra"]
[Source "ChessBase"]
[SourceDate "2012.06.22"]
[SourceVersion "1"]
[SourceVersionDate "2012.06.22"]
[SourceQuality "1"]

1. c4 g6 2. Nc3 Bg7 3. g3 f5 4. Nf3 e5 5. d3 Ne7 6. Bg2 d6 7. 0-0 0-0 8. Bd2 h6 9. Rb1 Kh7 10. b4 Nd7 11. a4 Rb8 12. e3 g5 13. a5 Ng6 14. Ne1 Nf6 15. Nc2 f4 16. d4 Bf5 17. e4 Bd7 18. d5 Qc8 19. f3 g4 20. Ne1 h5 21. Nd3 Bh6 22. gxf4 Bxf4 23. Nxf4 exf4 24. Ne2 gxf3 25. Rxf3 Bg4 26. Rc3 Nh4 27. Bxf4 Nxg2 28. Kxg2 Nxe4 29. Qd3 Bf5 30. Qe3 Rg8+ 31. Kh1 Nf2+ 32. Qxf2 Be4+ 33. Rf3 Bxb1 34. Nc3 Bg6 35. Qxa7 Qg4 36. Qe3 Rbe8 37. Qf2 Re1+ 0-1

[Event "GER-ch U25 op-A"]
[Site "Oberhof"]
[Date "2012.05.31"]
[Round "7"]
[White "Gubela, Hans Erich Constant"]
[Black "Hoepfner, Tim"]
[Result "0-1"]
[WhiteElo "1807"]
[BlackElo "1864"]
[PlyCount "118"]
[EventDate "2012.05.27"]
[EventType "swiss"]
[EventRounds "9"]
[EventCountry "GER"]
[SourceTitle "CBM 148 Extra"]
[Source "ChessBase"]
[SourceDate "2012.06.22"]
[SourceVersion "1"]
[SourceVersionDate "2012.06.22"]
[SourceQuality "1"]

1. e4 c5 2. Nf3 d6 3. d4 cxd4 4. Nxd4 Nf6 5. f3 a6 6. c4 e5 7. Nb3 Be6 8. Nc3 Nbd7 9. Be3 Be7 10. Be2 Rc8 11. Nd5 Bxd5 12. cxd5 0-0 13. 0-0 Nc5 14. Rc1 Nfd7 15. Nd2 b5 16. Nb1 Bg5 17. Qd2 Bxe3+ 18. Qxe3 Qb6 19. b3 f5 20. Nd2 f4 21. Qf2 Qb7 22. b4 Na4 23. Nb3 Nb8 24. Na5 Qd7 25. Bd3 Rc7 26. Qd2 Rfc8 27. Bc2 Nc3 28. Bd3 Na4 29. Bc2 Nc3 30. Bd3 Kf8 31. Nc6 Nxc6 32. Rxc3 Nd4 33. Rfc1 Ke7 34. Kf2 Kd8 35. Ke1 Rxc3 36. Rxc3 Rxc3 37. Qxc3 Qc7 38. Kd2 Qxc3+ 39. Kxc3 Ke7 40. a4 g5 41. axb5 axb5 42. Kd2 h5 43. Ke1 g4 44. Kf2 Kf6 45. h4 g3+ 46. Ke1 Ke7 47. Bf1 Nc2+ 48. Kd2 Ne3 49. Ke2 Kd8 50. Ke1 Kc7 51. Bxb5 Nxg2+ 52. Ke2 Kd8 53. Bc6 Nxh4 54. b5 Ng6 55. b6 Nf8 56. Kf1 Nh7 57. Be8 h4 58. Bg6 Ng5 59. Bh5 Kc8 0-1

[Event "GER-ch U25 op-A"]
[Site "Oberhof"]
[Date "2012.05.29"]
[Round "5"]
[White "Peters, Tom"]
[Black "Hoepfner, Tim"]
[Result "0-1"]
[WhiteElo "1819"]
[BlackElo "1864"]
[PlyCount "58"]
[EventDate "2012.05.27"]
[EventType "swiss"]
[EventRounds "9"]
[EventCountry "GER"]
[SourceTitle "CBM 148 Extra"]
[Source "ChessBase"]
[SourceDate "2012.06.22"]
[SourceVersion "1"]
[SourceVersionDate "2012.06.22"]
[SourceQuality "1"]

1. e4 c5 2. Nf3 d6 3. d4 cxd4 4. Nxd4 Nf6 5. Nc3 a6 6. Be3 e5 7. Nb3 Be6 8. f3 Be7 9. Qd2 Nbd7 10. g4 b5 11. g5 Nh5 12. Nd5 Bxd5 13. exd5 Nf4 14. Bxf4 exf4 15. Qxf4 Bxg5 16. Qe4+ Qe7 17. Nd4 Nf6 18. Qxe7+ Kxe7 19. h4 Bf4 20. Ne2 Be5 21. 0-0-0 Nd7 22. Bh3 Nb6 23. Rhe1 Rhe8 24. h5 Kf8 25. Bf5 Nc4 26. Nd4 Bxd4 27. Rxe8+ Rxe8 28. Rxd4 Re1+ 29. Rd1 Rxd1+ 0-1

[Event "GER-ch U25 op-A"]
[Site "Oberhof"]
[Date "2012.05.28"]
[Round "3"]
[White "Peters, Florian"]
[Black "Hoepfner, Tim"]
[Result "1-0"]
[WhiteElo "1537"]
[BlackElo "1864"]
[PlyCount "41"]
[EventDate "2012.05.27"]
[EventType "swiss"]
[EventRounds "9"]
[EventCountry "GER"]
[SourceTitle "CBM 148 Extra"]
[Source "ChessBase"]
[SourceDate "2012.06.22"]
[SourceVersion "1"]
[SourceVersionDate "2012.06.22"]
[SourceQuality "1"]

1. d4 Nf6 2. f3 d5 3. e4 dxe4 4. Nc3 exf3 5. Nxf3 Bf5 6. Ne5 Nbd7 7. Qf3 Bxc2 8. Qxb7 Rb8 9. Qxa7 Nxe5 10. dxe5 Ng4 11. Bf4 Rb6 12. Be2 h5 13. Rc1 Bf5 14. Rd1 Bd7 15. h3 g5 16. e6 Rxe6 17. Bxc7 Qc8 18. hxg4 Bg7 19. Qb8 0-0 20. Qxc8 Rxc8 21. Rxd7 1-0

[Event "GER-ch U25 op-A"]
[Site "Oberhof"]
[Date "2012.05.27"]
[Round "1"]
[White "Vergin, Marcel"]
[Black "Hoepfner, Tim"]
[Result "1/2-1/2"]
[WhiteElo "1565"]
[BlackElo "1864"]
[PlyCount "90"]
[EventDate "2012.05.27"]
[EventType "swiss"]
[EventRounds "9"]
[EventCountry "GER"]
[SourceTitle "CBM 148 Extra"]
[Source "ChessBase"]
[SourceDate "2012.06.22"]
[SourceVersion "1"]
[SourceVersionDate "2012.06.22"]
[SourceQuality "1"]

1. d4 Nf6 2. Nf3 c5 3. d5 d6 4. Bg5 Nbd7 5. Nc3 g6 6. e4 Bg7 7. Qd2 h6 8. Bxf6 Bxf6 9. Bd3 a6 10. a4 b6 11. 0-0 Qc7 12. b3 Kf8 13. Rab1 Kg7 14. Ne2 Rb8 15. c3 b5 16. axb5 axb5 17. b4 c4 18. Bc2 Nb6 19. Ra1 Bd7 20. Ra2 Ra8 21. Rfa1 Qb7 22. Bd1 Rxa2 23. Rxa2 Ra8 24. Qb2 Rxa2 25. Qxa2 Qa8 26. Qxa8 Nxa8 27. Kf1 Nb6 28. Ke1 e6 29. dxe6 fxe6 30. Kd2 Kf7 31. Nfd4 e5 32. Nc2 Bg5+ 33. Ne3 Be6 34. f3 d5 35. Bc2 Bf6 36. exd5 Nxd5 37. Nxd5 Bxd5 38. Be4 Bxe4 39. fxe4 Bg5+ 40. Ke1 Be3 41. Ng3 Kf6 42. Ke2 Bf4 43. Nf1 h5 44. g3 Bh6 45. Ne3 Bxe3 1/2-1/2

[Event "Nordhausen op 11th"]
[Site "Nordhausen"]
[Date "2011.08.06"]
[Round "6.13"]
[White "Hoepfner, Tim"]
[Black "Jung, Florian"]
[Result "1-0"]
[WhiteElo "1966"]
[BlackElo "1810"]
[PlyCount "109"]
[EventDate "2011.08.04"]
[EventType "swiss"]
[EventRounds "7"]
[EventCountry "GER"]
[SourceTitle "EXT 2019"]
[Source "ChessBase"]
[SourceDate "2018.10.10"]
[SourceVersion "1"]
[SourceVersionDate "2018.10.10"]
[SourceQuality "1"]

1. d4 Nf6 2. c4 e6 3. g3 c5 4. d5 exd5 5. cxd5 d6 6. Nc3 g6 7. Bg2 Bg7 8. Nf3 0-0 9. 0-0 Re8 10. Bf4 Na6 11. a4 Nb4 12. Nd2 a6 13. Nc4 Bf8 14. a5 h6 15. e4 g5 16. Be3 Bg4 17. f3 Bh5 18. Qd2 Bg6 19. Rae1 Kh7 20. Kh1 Nd7 21. Na4 Qc7 22. Bh3 Ne5 23. Nxe5 Rxe5 24. Nb6 Rd8 25. Rc1 Qb8 26. Bf2 Re7 27. g4 Bg7 28. Bg3 Be5 29. Bxe5 Rxe5 30. Bg2 Re7 31. Rf2 f6 32. Re1 Rf8 33. Bf1 Be8 34. h4 Bb5 35. Rh2 Kg6 36. b3 Qe8 37. Bc4 Rh8 38. Kg2 Bd7 39. Reh1 Reh7 40. Be2 Bb5 41. Bc4 Bd7 42. Qc3 Qe5 43. Qxe5 fxe5 44. hxg5 Kxg5 45. Rh5+ Kg6 46. g5 Bb5 47. Rxh6+ Rxh6 48. Rxh6+ Rxh6 49. gxh6 Kxh6 50. Nc8 Nc2 51. Nxd6 Kg5 52. Bxb5 axb5 53. Nxb7 c4 54. bxc4 bxc4 55. d6 1-0

[Event "GER-chA U25"]
[Site "Oberhof"]
[Date "2011.06.18"]
[Round "9"]
[White "Weber, Max"]
[Black "Hoepfner, Tim"]
[Result "1/2-1/2"]
[WhiteElo "2023"]
[BlackElo "1936"]
[PlyCount "62"]
[EventDate "2011.06.11"]
[EventType "swiss"]
[EventRounds "9"]
[EventCountry "GER"]
[SourceTitle "CBM 142 Extra"]
[Source "ChessBase"]
[SourceDate "2011.06.27"]
[SourceVersion "1"]
[SourceVersionDate "2011.06.27"]
[SourceQuality "1"]

1. d4 Nf6 2. c4 c5 3. d5 b5 4. cxb5 a6 5. bxa6 Bxa6 6. Nc3 d6 7. Nf3 g6 8. g3 Bg7 9. Bg2 Nbd7 10. Rb1 Qa5 11. Bd2 Qb6 12. b3 0-0 13. 0-0 Qb7 14. Bc1 Nb6 15. Ne1 Nc8 16. Nc2 Nd7 17. Bb2 Na7 18. Na4 Bxb2 19. Nxb2 Nb5 20. Qd2 Qa7 21. a4 Nc7 22. Na3 Rfb8 23. Nbc4 Bxc4 24. Nxc4 Rb4 25. Qe3 Kf8 26. Qc3 Kg8 27. Qe3 Kf8 28. Qc3 Kg8 29. e4 Nb6 30. Ne3 Qb7 31. Qd3 Nd7 1/2-1/2

[Event "GER-chA U25"]
[Site "Oberhof"]
[Date "2011.06.14"]
[Round "4"]
[White "Ehlers, Michael2222"]
[Black "Hoepfner, Tim"]
[Result "0-1"]
[WhiteElo "1932"]
[BlackElo "1936"]
[PlyCount "92"]
[EventDate "2011.06.11"]
[EventType "swiss"]
[EventRounds "9"]
[EventCountry "GER"]
[SourceTitle "CBM 142 Extra"]
[Source "ChessBase"]
[SourceDate "2011.06.27"]
[SourceVersion "1"]
[SourceVersionDate "2011.06.27"]
[SourceQuality "1"]

1. d4 Nf6 2. c4 c5 3. d5 b5 4. cxb5 a6 5. b6 d6 6. Qb3 Bb7 7. Nc3 Nbd7 8. e4 Qxb6 9. Qxb6 Nxb6 10. Be2 g6 11. Be3 Nfd7 12. Nf3 Bg7 13. Rc1 0-0 14. Nd2 Rab8 15. Bg5 f6 16. Be3 Ne5 17. f4 Ned7 18. h4 f5 19. h5 fxe4 20. hxg6 hxg6 21. Bg4 Bxc3 22. bxc3 Bxd5 23. c4 Nf6 24. Bh3 Bf7 25. f5 Kg7 26. g4 Rh8 27. Kf2 Rxh3 28. Rxh3 Nxg4+ 29. Ke2 gxf5 30. Bg5 Nf6 31. Bh6+ Kh7 32. Bf8+ Bh5+ 33. Rxh5+ Nxh5 34. Bxe7 Nc8 35. Bf8 Nf4+ 36. Ke3 Ne6 37. Rh1+ Kg6 38. Rh8 Rb2 39. Nf1 Rxa2 40. Bh6 Ra3+ 41. Kf2 Nb6 42. Bc1 Rf3+ 43. Kg1 Nxc4 44. Rh6+ Kf7 45. Rh7+ Kf6 46. Rh6+ Ke5 0-1

[Event "GER-chA U25"]
[Site "Oberhof"]
[Date "2011.06.14"]
[Round "5"]
[White "Hoepfner, Tim"]
[Black "Bivol, Alina"]
[Result "1-0"]
[WhiteElo "1936"]
[BlackElo "2137"]
[PlyCount "59"]
[EventDate "2011.06.11"]
[EventType "swiss"]
[EventRounds "9"]
[EventCountry "GER"]
[SourceTitle "CBM 142 Extra"]
[Source "ChessBase"]
[SourceDate "2011.06.27"]
[SourceVersion "1"]
[SourceVersionDate "2011.06.27"]
[SourceQuality "1"]

1. d4 d5 2. c4 c6 3. Nf3 Nf6 4. Nbd2 g6 5. g3 Bg7 6. Bg2 0-0 7. 0-0 Ne4 8. e3 Na6 9. Nxe4 dxe4 10. Nd2 f5 11. a3 e5 12. Nb3 Be6 13. Qc2 Qe7 14. Bd2 b5 15. Na5 Rac8 16. dxe5 Rfd8 17. Rfd1 bxc4 18. Nxc4 Qc5 19. Bf1 Rb8 20. Rac1 Qe7 21. Na5 Rb6 22. Nxc6 Rxc6 23. Qxc6 Nb8 24. Qb5 Nd7 25. Bb4 Qe8 26. Bc4 Bxc4 27. Qxc4+ Kh8 28. e6 Ne5 29. Rxd8 Qxd8 30. Qc8 1-0

[Event "GER-chA U25"]
[Site "Oberhof"]
[Date "2011.06.13"]
[Round "3"]
[White "Hoepfner, Tim"]
[Black "Orhan, Eda"]
[Result "1-0"]
[WhiteElo "1936"]
[BlackElo "1759"]
[PlyCount "73"]
[EventDate "2011.06.11"]
[EventType "swiss"]
[EventRounds "9"]
[EventCountry "GER"]
[SourceTitle "CBM 142 Extra"]
[Source "ChessBase"]
[SourceDate "2011.06.27"]
[SourceVersion "1"]
[SourceVersionDate "2011.06.27"]
[SourceQuality "1"]

1. d4 d5 2. c4 c6 3. Nf3 Nf6 4. Nbd2 Bf5 5. g3 e6 6. Bg2 Bd6 7. 0-0 Nbd7 8. b3 0-0 9. Bb2 Qc7 10. Rc1 Rfe8 11. h3 Ne4 12. Nh4 Nxd2 13. Qxd2 Be4 14. Bxe4 dxe4 15. d5 Rad8 16. dxe6 Rxe6 17. Nf5 Nf6 18. Rfd1 Qd7 19. Qg5 g6 20. Nxd6 Rxd6 21. Rxd6 Qxd6 22. Qxf6 Qxf6 23. Bxf6 Rd2 24. e3 Kf8 25. Kf1 Ke8 26. Ke1 Rd3 27. Rd1 Rxd1+ 28. Kxd1 Kd7 29. Bd4 a6 30. Ke2 Kd6 31. f3 exf3+ 32. Kxf3 b5 33. cxb5 cxb5 34. e4 Ke6 35. Kf4 h6 36. Bg7 h5 37. Kg5 1-0

[Event "GER-chT DLM U20"]
[Site "Stuttgart"]
[Date "2010.11.19"]
[Round "5.7"]
[White "Hoepfner, Tim"]
[Black "Brandl, Lea Maria"]
[Result "1-0"]
[WhiteElo "1824"]
[BlackElo "1451"]
[PlyCount "85"]
[EventDate "2010.11.17"]
[EventType "team-tourn"]
[EventRounds "7"]
[EventCountry "GER"]
[SourceTitle "EXT 2022"]
[Source "ChessBase"]
[SourceDate "2021.10.06"]
[SourceVersion "1"]
[SourceVersionDate "2021.10.06"]
[SourceQuality "1"]
[WhiteTeam "Hessen U20"]
[BlackTeam "Hessen U20 II"]
[WhiteTeamCountry "GER"]
[BlackTeamCountry "GER"]

1. d4 d5 2. c4 e6 3. Nf3 Nf6 4. g3 Be7 5. Bg2 c6 6. Nbd2 0-0 7. 0-0 Nbd7 8. Qc2 Re8 9. e4 dxe4 10. Nxe4 Nxe4 11. Qxe4 Nf6 12. Qc2 Bd6 13. Rd1 Qe7 14. a3 a5 15. Be3 h6 16. Re1 Ng4 17. Bd2 Nf6 18. Qc1 Qd7 19. Bf4 Bxf4 20. Qxf4 Nh5 21. Qe3 Nf6 22. Ne5 Qd6 23. c5 Qc7 24. Nc4 Rd8 25. Nd6 Qd7 26. f4 Ne8 27. Nc4 Qc7 28. Nb6 Ra7 29. Re2 Nf6 30. Rae1 Nd7 31. Qb3 Ra6 32. Nc4 Nf6 33. Qc3 Qd7 34. Rd2 Qc7 35. b4 axb4 36. axb4 Nd5 37. Bxd5 exd5 38. Nd6 g6 39. Qd3 Qd7 40. Rde2 Qh3 41. Qe3 Be6 42. Qe5 Ra7 43. Qf6 1-0

[Event "GER-chT DLM U20"]
[Site "Stuttgart"]
[Date "2010.11.19"]
[Round "4.7"]
[White "Walter, Kevin"]
[Black "Hoepfner, Tim"]
[Result "1/2-1/2"]
[WhiteElo "1699"]
[BlackElo "1824"]
[PlyCount "89"]
[EventDate "2010.11.17"]
[EventType "team-tourn"]
[EventRounds "7"]
[EventCountry "GER"]
[SourceTitle "EXT 2022"]
[Source "ChessBase"]
[SourceDate "2021.10.06"]
[SourceVersion "1"]
[SourceVersionDate "2021.10.06"]
[SourceQuality "1"]
[WhiteTeam "Wuerttemberg U20"]
[BlackTeam "Hessen U20"]
[WhiteTeamCountry "GER"]
[BlackTeamCountry "GER"]

1. e4 c5 2. Nf3 d6 3. d4 cxd4 4. Nxd4 Nf6 5. Nc3 a6 6. Be2 e5 7. Nb3 Be6 8. Be3 Be7 9. Nd5 Nbd7 10. Qd3 Bxd5 11. exd5 Rc8 12. 0-0 0-0 13. Rfd1 Nb6 14. Bxb6 Qxb6 15. c4 Rfe8 16. a3 Bf8 17. Qe3 Qxe3 18. fxe3 g6 19. Nd2 Bh6 20. Kf2 Nd7 21. Ne4 Bf8 22. g4 Be7 23. g5 Nc5 24. Nxc5 Rxc5 25. b4 Rc7 26. Rg1 h6 27. h4 Kg7 28. Rad1 Rd8 29. Kf3 b6 30. a4 Rb8 31. Rb1 Rbb7 32. Ke4 Bd8 33. Kf3 Be7 34. Kg4 a5 35. bxa5 bxa5 36. Rb5 h5+ 37. Kg3 Rxb5 38. cxb5 Rc2 39. Bf3 Bd8 40. Ra1 Bb6 41. Ra3 Kf8 42. Be4 Rc1 43. Kf2 Rc4 44. Kf3 Ke7 45. Ra2 1/2-1/2

[Event "Lippe Cup-A 07th"]
[Site "Lieme"]
[Date "2010.10.17"]
[Round "5"]
[White "Henkemeier, Markus"]
[Black "Hoepfner, Tim"]
[Result "1-0"]
[WhiteElo "1838"]
[BlackElo "1907"]
[PlyCount "49"]
[EventDate "2010.10.15"]
[EventType "swiss"]
[EventRounds "5"]
[EventCountry "GER"]
[SourceTitle "CBM 138 Extra"]
[Source "ChessBase"]
[SourceDate "2010.10.29"]
[SourceVersion "1"]
[SourceVersionDate "2010.10.29"]
[SourceQuality "1"]

1. e4 c5 2. Nc3 Nc6 3. g3 g6 4. Bg2 Bg7 5. d3 e6 6. Be3 d6 7. Qd2 Nge7 8. Bh6 Bxh6 9. Qxh6 Ng8 10. Qd2 Nf6 11. Nge2 e5 12. 0-0 h5 13. f4 h4 14. f5 Ng4 15. fxg6 fxg6 16. h3 hxg3 17. Nd5 Qh4 18. Rf3 Nd4 19. Nxd4 cxd4 20. hxg4 Qh2+ 21. Kf1 Qh1+ 22. Bxh1 Rxh1+ 23. Ke2 Rh2+ 24. Ke1 g2 25. Rg3 1-0

[Event "GER-ch U25"]
[Site "Oberhof"]
[Date "2010.05.27"]
[Round "7"]
[White "Eigemann, Julian"]
[Black "Hoepfner, Tim"]
[Result "1/2-1/2"]
[WhiteElo "1841"]
[BlackElo "1877"]
[PlyCount "52"]
[EventDate "2010.05.22"]
[EventType "swiss"]
[EventRounds "9"]
[EventCountry "GER"]
[SourceTitle "CBM 136 Extra"]
[Source "ChessBase"]
[SourceDate "2010.07.02"]
[SourceVersion "2"]
[SourceVersionDate "2010.07.15"]
[SourceQuality "1"]

1. e4 c5 2. Nf3 d6 3. d3 g6 4. g3 Bg7 5. Bg2 Nc6 6. 0-0 e5 7. Nbd2 Nge7 8. c3 0-0 9. Nh4 Kh8 10. f4 f5 11. Ndf3 Be6 12. Ng5 Bg8 13. g4 fxe4 14. Nxe4 Nd5 15. f5 Nf4 16. Bxf4 exf4 17. g5 gxf5 18. Qh5 Ne5 19. d4 cxd4 20. cxd4 Bf7 21. g6 Bxg6 22. Nxg6+ Nxg6 23. Ng5 Bxd4+ 24. Kh1 Qd7 25. Rf3 Rg8 26. Rh3 Rg7 1/2-1/2

[Event "GER-ch U25"]
[Site "Oberhof"]
[Date "2010.05.23"]
[Round "2"]
[White "Hoepfner, Tim"]
[Black "Feller, Florian"]
[Result "1/2-1/2"]
[WhiteElo "1877"]
[BlackElo "1933"]
[PlyCount "160"]
[EventDate "2010.05.22"]
[EventType "swiss"]
[EventRounds "9"]
[EventCountry "GER"]
[SourceTitle "CBM 136 Extra"]
[Source "ChessBase"]
[SourceDate "2010.07.02"]
[SourceVersion "2"]
[SourceVersionDate "2010.07.15"]
[SourceQuality "1"]

1. d4 Nf6 2. c4 e6 3. g3 d5 4. Nf3 Be7 5. Bg2 0-0 6. 0-0 b6 7. Qc2 Bb7 8. Nbd2 Nbd7 9. Rd1 c5 10. cxd5 Nxd5 11. Nb3 cxd4 12. Nfxd4 Rc8 13. Qd3 Nb4 14. Qd2 Bxg2 15. Kxg2 Nf6 16. f3 Qd7 17. a3 Na6 18. e4 Rfd8 19. Qe2 Qa4 20. Be3 Nd7 21. f4 Nac5 22. Nxc5 Nxc5 23. Bf2 Bf6 24. e5 Be7 25. b4 Nb3 26. Nxb3 Qxb3 27. Rxd8+ Rxd8 28. Qf3 Qb2 29. Re1 Rd5 30. Re2 Qb1 31. Re1 Qc2 32. Re2 Qc6 33. Re3 a5 34. Rc3 Qd7 35. Bxb6 axb4 36. axb4 Bxb4 37. Rb3 Be7 38. Bf2 h6 39. Rb8+ Kh7 40. Qe4+ g6 41. Rb2 Kg7 42. Rc2 Qb7 43. Rd2 Bc5 44. Rxd5 exd5 45. Qf3 Qb2 46. g4 Bxf2 47. Qxf2 Qc3 48. Qe2 d4 49. Kf2 d3 50. Qd1 Qc2+ 51. Ke1 Qxh2 52. Qxd3 Qxf4 53. Qe2 Qb4+ 54. Kf1 Qb3 55. Kf2 Qe6 56. Qe4 Qe7 57. Kg3 Qa3+ 58. Kg2 Qb3 59. Qd4 Qe6 60. Kg3 Kh7 61. Qf4 Qe7 62. Kh3 Kg7 63. Kg3 g5 64. Qd4 Qe6 65. Kg2 Kh7 66. Kg3 Qg6 67. Qd8 h5 68. gxh5 Qxh5 69. Qd4 Qg6 70. Qe3 Qf5 71. Qd4 Kg6 72. Qd6+ Qe6 73. Qd3+ Kh5 74. Qh7+ Qh6 75. Qxf7+ Qg6 76. e6 Kh6 77. Qf8+ Kh7 78. e7 Qd3+ 79. Kg4 Qe4+ 80. Kxg5 Qg2+ 1/2-1/2